000 00987nam a2200265Ia 4500
003 OSt
005 20221005104911.0
006 a|||||r|||| 00| 0
007 ta
008 221004b |||||||| |||| 00| 0 hin d
020 _a8126004371 (HBK)
024 _a24062
037 _bGift, 19/01/2016,
_cTextual
040 _aCRL
_cCRL
_bhin
041 _2hin
_ahin
082 _aO152,1N07x, N8
100 _aतिवारी, विश्वनाथ प्रसाद, संपा.
245 0 _aमहादेवी का रचना संचयन
246 _aMahādevī kā rachanā sanchayana
260 _aदिल्ली
_bसाहित्य अकादमी भारत
_c1998
300 _a295पृ0
_ccm.
650 _aहिन्दी साहित्य
942 _hO152,1N07x, N8
_cTEXL
_2cc
999 _c1014124
_d1014124